[Event "IECC Swiss-544.2"]
[Site "IECC email"]
[Date "2009.12.03"]
[Round "?"]
[White "Robertson, John"]
[Black "Locke, Nick"]
[Result "0-1"]
[WhiteElo "1027"]
[BlackElo "1037"]
[PlyCount "52"]
[EventDate "2009.??.??"]
[EventType "tourn (corr)"]
[EventRounds "1"]
[SourceTitle "Telechess CBM 137"]
[Source "ChessBase"]
[SourceDate "2010.07.15"]
[SourceVersion "1"]
[SourceVersionDate "2010.07.15"]
[SourceQuality "1"]
[WhiteTeam "Australia"]
[BlackTeam "US of America"]
[WhiteTeamCountry "AUS"]
[BlackTeamCountry "USA"]

1. e4 Nf6 2. e5 Nd5 3. c4 Nb6 4. c5 Nd5 5. Bc4 e6 6. Nf3 Bxc5 7. Bxd5 exd5 8. d4 Be7 9. 0-0 0-0 10. a3 d6 11. h3 dxe5 12. dxe5 c6 13. b4 a5 14. bxa5 Qxa5 15. Bd2 Qa6 16. a4 Bf5 17. Nc3 Nd7 18. Bf4 Bc5 19. Nh4 Bd3 20. Re1 Qc4 21. Qd2 Bb4 22. Rec1 d4 23. Ne2 Bxd2 24. Rxc4 Bxc4 25. Bxd2 Bxe2 26. a5 Nxe5 0-1

[Event "IECC O-3062"]
[Site "IECC email"]
[Date "2009.11.25"]
[Round "?"]
[White "Smeulders, Thomas"]
[Black "Locke, Nick"]
[Result "0-1"]
[WhiteElo "813"]
[BlackElo "1053"]
[PlyCount "42"]
[EventDate "2009.??.??"]
[EventType "swiss (corr)"]
[EventRounds "2"]
[SourceTitle "Telechess CBM 149"]
[Source "ChessBase"]
[SourceDate "2012.07.17"]
[SourceVersion "1"]
[SourceVersionDate "2012.07.17"]
[SourceQuality "1"]
[WhiteTeam "Belgium"]
[BlackTeam "US of America"]
[WhiteTeamCountry "BEL"]
[BlackTeamCountry "USA"]

1. e4 Nf6 2. Nc3 e5 3. Nf3 Nc6 4. d4 exd4 5. Nxd4 Bb4 6. Qd3 0-0 7. f3 Ne5 8. Qb5 Bxc3+ 9. bxc3 d5 10. Bf4 Ng6 11. Bg3 dxe4 12. f4 c6 13. Qc5 Qd5 14. Qa3 Nh5 15. Ne2 Rd8 16. Rd1 Qxd1+ 17. Kf2 Rd2 18. Kg1 Rxe2 19. Qb3 Bh3 20. gxh3 Nhxf4 21. Qxb7 Nxh3# 0-1

[Event "IECC Swiss-544.1"]
[Site "IECC email"]
[Date "2009.07.03"]
[Round "?"]
[White "Subasic, Emil"]
[Black "Locke, Nick"]
[Result "1-0"]
[WhiteElo "1453"]
[BlackElo "1018"]
[PlyCount "53"]
[EventDate "2009.??.??"]
[EventType "tourn (corr)"]
[EventRounds "1"]
[SourceTitle "Corr 2011"]
[Source "ChessBase"]
[SourceDate "2010.08.31"]
[SourceVersion "1"]
[SourceVersionDate "2010.08.31"]
[SourceQuality "1"]
[WhiteTeam "Bosnia Herzegovina"]
[BlackTeam "US of America"]
[WhiteTeamCountry "BIH"]
[BlackTeamCountry "USA"]

1. e4 g6 2. d4 d6 3. Nc3 Bg7 4. Nf3 Nf6 5. Be2 0-0 6. 0-0 c6 7. h3 Nbd7 8. Be3 e5 9. dxe5 Nxe5 10. Qd2 Re8 11. Rad1 Nxf3+ 12. Bxf3 Re6 13. Rfe1 Ne8 14. Bg4 Re5 15. Bf4 Bxg4 16. hxg4 Re6 17. e5 d5 18. Bg3 Qd7 19. Ne4 Qe7 20. Ng5 Bh6 21. Bf4 Bxg5 22. Bxg5 Qc5 23. Kh2 Nc7 24. f4 Ree8 25. Bf6 Qc4 26. Kg3 Qxa2 27. Rh1 1-0